Logic and computer design fundamentals / (رقم التسجيلة. 30456)
[ عرض عادي ]
| 000 -الفاتح | |
|---|---|
| حقل البيانات ثابتة الطول | 01058cam a2200301 a 4500 |
| 001 - رقم الضبط | |
| رقم الضبط | 170029866 |
| 003 - محدد رقم الضبط | |
| رقم الضبط | OCoLC |
| 005 - وقت وتاريخ اخر تعامل مع التسجيلة | |
| رقم الضبط | 20220315101640.0 |
| 008 - عناصر البيانات ثابتة الطول - معلومات عامة | |
| حقل البيانات ثابتة الطول | 070828s2008 njua b 001 0 eng |
| 020 ## - الرقم الدولى المعيارى للكتب | |
| الرقم الدولى المعيارى للكتاب | 9780132067119 (cased) |
| 020 ## - الرقم الدولى المعيارى للكتب | |
| الرقم الدولى المعيارى للكتاب | 013198926X (cased) |
| 022 ## - الرقم الدولى المعيارى للدوريات | |
| المصدر | 9781292096070 |
| 040 ## - مصدر الفهرسة | |
| وكالة الفهرسة الأصلية | Ma-Un |
| وكالة النسخ | Ma-Un |
| 082 04 - رقم تصنيف ديوى العشرى | |
| رقم التصنيف | 621.395 |
| رقم الطبعة | 22 |
| رقم المادة | MML |
| 100 1# - المدخل الرئيسى - إسم شخصى | |
| الإسم الشخصى | Mano, M. Morris, |
| التواريخ المصاحبة للاسم | 1927- |
| 9 (RLIN) | 36619 |
| 245 10 - بيان العنوان | |
| العنوان | Logic and computer design fundamentals / |
| بيان المسئوليه,etc | M. Morris Mano, Charles R. Kime. |
| 250 ## - بيان الطبعة | |
| بيان الطبعة | 4th ed. |
| 260 ## - PUBLICATION, DISTRIBUTION, ETC. (IMPRINT) | |
| مكان الناشر او الموزع | Upper Saddle River, N.J. : |
| اسم الناشر او الموزع | Pearson Education/Prentice Hall, |
| تاريخ النشر أو التوزيع | c2008. |
| 300 ## - الوصف المادى | |
| التعداد | xvii, 678 p. : |
| تفاصيل ماديه اخرى للوعاء | ill. ; |
| أبعاد الوعاء | 24 cm. |
| 500 ## - تبصرة عامة | |
| تبصرة عامة | Previous ed.: 2006. |
| 504 ## - تبصرة ببليوجرافية | |
| تبصرة ببليوجرافية,الخ | Includes bibliographical references and index. |
| 650 #0 - المدخل الاضافى بالموضوع-مصطلح موضوعى | |
| مصطلح موضوعي أو اسم جغرافي كعنصر مدخل | Electronic digital computers |
| التقسيم الفرعي العام | Circuits. |
| 9 (RLIN) | 36620 |
| 650 #0 - المدخل الاضافى بالموضوع-مصطلح موضوعى | |
| مصطلح موضوعي أو اسم جغرافي كعنصر مدخل | Logic circuits. |
| 9 (RLIN) | 36621 |
| 650 #0 - المدخل الاضافى بالموضوع-مصطلح موضوعى | |
| مصطلح موضوعي أو اسم جغرافي كعنصر مدخل | Electronic digital computers |
| التقسيم الفرعي العام | Circuits |
| التقسيم الفرعي الشكلي | Problems, exercises, etc. |
| 9 (RLIN) | 36622 |
| 650 #0 - المدخل الاضافى بالموضوع-مصطلح موضوعى | |
| مصطلح موضوعي أو اسم جغرافي كعنصر مدخل | Logic circuits |
| التقسيم الفرعي الشكلي | Problems, exercises, etc. |
| 9 (RLIN) | 36623 |
| 700 1# - المدخل الاضافى - اسم شخصى | |
| الإسم الشخصى | Kime, Charles R. |
| 9 (RLIN) | 36624 |
| 942 ## - عناصر المدخل الإضافي( كوها) | |
| مصدر التصنيف او مخطط الترفيف | Dewey Decimal Classification |
| Koha [default] item type | كتاب |
| حالة الفقد | نموذج السعر الفعال | حالة تلف | ليس للاعارة | رقم الطلب | رقم النسخة | تاريخ الاكتساب | الموقع الحالي | الباركود | الفرع الرئيسي | Date last seen | نوع المادة فى نظام كوها | مصدر التصنيف او خطة الترفيف | Total Checkouts | Total Renewals | Date last checked out |
|---|---|---|---|---|---|---|---|---|---|---|---|---|---|---|---|
| 2013-08-23 | 621.395 MML | 1 | 2013-08-23 | المكتبة المركزية بالمجمعة (CL) | 00450615 | المكتبة المركزية بالمجمعة (CL) | 2021-11-03 | كتاب | Dewey Decimal Classification | 1 | 2020-02-16 | ||||
| 2013-08-23 | 621.395 MML | 2 | 2013-08-23 | المكتبة المركزية بالمجمعة (CL) | 00450614 | المكتبة المركزية بالمجمعة (CL) | 2020-09-07 | كتاب | Dewey Decimal Classification | 1 | 2020-02-16 | ||||
| 2013-08-23 | Not For Loan | 621.395 MML | 3 | 2013-08-23 | المكتبة المركزية بالمجمعة (CL) | 00450613 | المكتبة المركزية بالمجمعة (CL) | 2013-08-23 | كتاب | Dewey Decimal Classification | |||||
| 2022-03-15 | 621.395 MML | 2022-03-15 | قسم الاجراءات الفنية (IC) | 00169086 | قسم الاجراءات الفنية (IC) | 2022-03-15 | كتاب | Dewey Decimal Classification | |||||||
| 2022-03-15 | 621.395 MML | 2022-03-15 | قسم الاجراءات الفنية (IC) | 00169087 | قسم الاجراءات الفنية (IC) | 2022-03-15 | كتاب | Dewey Decimal Classification | |||||||
| 2022-03-15 | 621.395 MML | 2022-03-15 | كلية الشريعة والقانون - طالبات | 00169090 | كلية الشريعة والقانون - طالبات | 2022-03-15 | كتاب | Dewey Decimal Classification | |||||||
| 2022-03-15 | 621.395 MML | 2022-03-15 | كلية الشريعة والقانون - طالبات | 00169091 | كلية الشريعة والقانون - طالبات | 2022-03-15 | كتاب | Dewey Decimal Classification | |||||||
| 2022-03-15 | 621.395 MML | 2022-03-15 | مكتبة كلية التربية بالزلفى - طالبات (EZF) | 00169092 | مكتبة كلية التربية بالزلفى - طالبات (EZF) | 2022-03-15 | كتاب | Dewey Decimal Classification | |||||||
| 2022-03-15 | 621.395 MML | 2022-03-15 | مكتبة كلية العلوم و الدراسات الإنسانية برماح - طلاب (SRM) | 00169088 | مكتبة كلية العلوم و الدراسات الإنسانية برماح - طلاب (SRM) | 2022-03-15 | كتاب | Dewey Decimal Classification | |||||||
| 2022-03-15 | 621.395 MML | 2022-03-15 | مكتبة كلية العلوم و الدراسات الإنسانية برماح - طلاب (SRM) | 00169089 | مكتبة كلية العلوم و الدراسات الإنسانية برماح - طلاب (SRM) | 2022-03-15 | كتاب | Dewey Decimal Classification | |||||||
| 2013-08-19 | 621.395 MML | 1 | 2013-08-19 | مكتبة مجمع الكليات بالزلفى - طلاب (SZM) | 00450618 | مكتبة مجمع الكليات بالزلفى - طلاب (SZM) | 2013-08-19 | كتاب | Dewey Decimal Classification | ||||||
| 2013-08-19 | 621.395 MML | 2 | 2013-08-19 | مكتبة مجمع الكليات بالزلفى - طلاب (SZM) | 00450617 | مكتبة مجمع الكليات بالزلفى - طلاب (SZM) | 2013-08-19 | كتاب | Dewey Decimal Classification | ||||||
| 2013-08-19 | Not For Loan | 621.395 MML | 3 | 2013-08-19 | مكتبة مجمع الكليات بالزلفى - طلاب (SZM) | 00450616 | مكتبة مجمع الكليات بالزلفى - طلاب (SZM) | 2020-12-24 | كتاب | Dewey Decimal Classification | 1 | 1 | 2020-12-10 |
